书目信息 |
| 题名: |
河流动力地貌学
|
|
| 作者: | 倪晋仁 , 马蔼乃 著 | |
| 分册: | ||
| 出版信息: | 北京 北京大学出版社 1998 |
|
| 页数: | 396页 | |
| 开本: | 20cm | |
| 丛书名: | 青年学者文库 | |
| 单 册: | ||
| 中图分类: | P931.1 | |
| 科图分类: | ||
| 主题词: | 河流动力学--河流地貌学--高等学校 | |
| 电子资源: | ||
| ISBN: | 7-301-03630-2 | |
| 000 | 00888oam2 2200277 45 | |
| 001 | 060000012219 | |
| 005 | 20060104161231.06 | |
| 010 | @a7-301-03630-2@dCNY22.00 | |
| 092 | @aCN | |
| 100 | @a20041110d1998 ekmy0chiy0120 ea | |
| 101 | 0 | @achi |
| 102 | @aCN@b110000 | |
| 105 | @aa az 001yy | |
| 200 | 1 | @a河流动力地貌学@Ahe liu dong li di mao xue@f倪晋仁,马蔼乃著@FNi Jin Ren,Ma Ai Nai Zhu |
| 210 | @a北京@c北京大学出版社@d1998 | |
| 215 | @a396页@c图@d20cm | |
| 225 | 2 | @a青年学者文库 |
| 300 | @a北京大学上山出版基金资助 | |
| 330 | @a本书较为系统地探讨了河流动力地貌学的基本问题及其可能解决的途径,作为一种尝试,并对河流地貌过程进行了定量描述与模拟。 | |
| 410 | @12001 @a青年学者文库 | |
| 606 | 0 | @a河流动力学@x河流地貌学@x高等学校 |
| 690 | @aP931.1@v4 | |
| 701 | 0 | @a倪晋仁@4著 |
| 701 | 0 | @a马蔼乃@4著 |
| 801 | 0 | @aCN@bCXYBOOK@c20060104 |
| 905 | @a10447@dP931.1@e92 | |
| 河流动力地貌学/倪晋仁,马蔼乃著.-北京:北京大学出版社,1998 |
| 396页:图;20cm.-(青年学者文库) |
| 北京大学上山出版基金资助 |
| ISBN 7-301-03630-2:CNY22.00 |
| 本书较为系统地探讨了河流动力地貌学的基本问题及其可能解决的途径,作为一种尝试,并对河流地貌过程进行了定量描述与模拟。 |
| ● |
| 相关链接 |
|
|
|
|
正题名:河流动力地貌学
索取号:P931.1/92
 
预约/预借
| 序号 | 登录号 | 条形码 | 馆藏地/架位号 | 状态 | 备注 |
| 1 | 0352158 | 3521585 | 第二样本阅览室/ [索取号:P931.1/92] | 在馆 | |
| 2 | 0373593 | 203735930 | 第三借阅区/ [索取号:P931.1/92] | 在馆 | |
| 3 | 0373594 | 203735949 | 第三借阅区/ [索取号:P931.1/92] | 在馆 | |
| 4 | 0373595 | 203735958 | 第三借阅区/ [索取号:P931.1/92] | 在馆 | |
| 5 | 0373596 | 203735967 | 第三借阅区/ [索取号:P931.1/92] | 在馆 | |
| 6 | 0373597 | 203735976 | 第三借阅区/ [索取号:P931.1/92] | 在馆 |